Score 0/24 Timer 05:00
3 Plays Today
% Correct
The Muppet Sow
90.3%
The Olden Girls
88.5%
Two and a Half Me
87.5%
Ash Cab
87.5%
Braking Bad
86.3%
Doogie Hoser, M.D.
85.7%
Wonder Oman
85.6%
Saturday Night Lie
85.4%
Walker, Texas Anger
85.3%
America's Next TP Model
84%
SOS of Anarchy
82.8%
Cod Case
82.6%
% Correct
American Ad!
82%
Designing Omen
81.4%
Day of Our Lives
80.6%
Rowing Pains
78.5%
Quantum Lap
78.1%
Dadwood
77.1%
Double Dre
76.8%
The Brad Bunch
76.2%
Sap
75.8%
Pretty Little Lars
74.7%
Buff the Vampire Slayer
74.5%
PortsCenter
73.4%
Remove Ads.
Support Sporcle.
Get the best of Sporcle when you Go Orange. This ad-free experience offers more features, more stats, and more fun while also helping to support Sporcle. Thank you for becoming a member.

You're not logged in!

Compare scores with friends on all Sporcle quizzes.
OR
Log In

Show Comments

Extras

Top Quizzes Today


Score Distribution

Your Account Isn't Verified!

In order to create a playlist on Sporcle, you need to verify the email address you used during registration. Go to your Sporcle Settings to finish the process.

Report this User

Report this user for behavior that violates our Community Guidelines.

Details: